Carregant...

Death in the east /

"Calcutta police detective Captain Sam Wyndham and his quick-witted Indian Sergeant, Surrender-Not Banerjee, are back for another exotic adventure set in 1920s India. 1905, London. As a young constable, Sam Wyndham is on his usual East London beat when he comes across an old flame, Bessie Drum...

Descripció completa

Dades bibliogràfiques
Autor principal: Abir Mukherjee 1974-
Format: Printed Book
Idioma:English
Publicat: London : Harvill Secker, 2019
Matèries:
LEADER 01799cam a22002295i 4500
008 200710s2020 meu 000 0 eng
020 |a 9781787300583 
041 |a eng 
082 |2 823.914A7  
100 |a Abir Mukherjee  |9 1581515  |d 1974- 
245 1 0 |a Death in the east /  |c Abir Mukherjee 
260 |a London :  |b Harvill Secker,  |c 2019 
263 |a 1111 
300 |a 417p. ;  |c 24cm. 
520 |a "Calcutta police detective Captain Sam Wyndham and his quick-witted Indian Sergeant, Surrender-Not Banerjee, are back for another exotic adventure set in 1920s India. 1905, London. As a young constable, Sam Wyndham is on his usual East London beat when he comes across an old flame, Bessie Drummond, attacked in the streets. The next day, when Bessie is found brutally beaten in her own room, locked from the inside, Wyndham promises to get to the bottom of her murder. But the case will cost the young constable more than he ever imagined. 1922, India. Leaving Calcutta, Captain Sam Wyndham heads for the hills of Assam, to the ashram of a sainted monk where he hopes to conquer his opium addiction. But when he arrives, he sees a ghost from his life in London-a man thought to be long dead, a man Wyndham hoped he would never see again. Wyndham knows he must call his friend and colleague Sergeant Banerjee for help. He is certain this figure from his past isn't here by coincidence. He is here for revenge"-- 
650 7 |a English fiction  |2 fast  |9 975687 
650 7 |a Crime  |2 fast  |9 948286  |x Fiction 
906 |a 0  |b vip  |c orignew  |d 2  |e epcn  |f 20  |g y-gencatlg 
942 |c BK 
955 |b xd05 2020-07-10  |a xn11 2020-12-08 1 copy rec'd., to discard 
999 |c 362429  |d 362429 
952 |0 0  |1 0  |2 ddc  |4 0  |6 823_000000000000000_914A7_DEA  |7 0  |9 421705  |a UL  |b UL  |c ST1  |d 2021-10-13  |o 823.914A7 DEA  |p 104100  |r 2021-10-13  |y BK